| 000 | 00909nam a2200301Ia 4500 | ||
|---|---|---|---|
| 001 | Para_7289 | ||
| 003 | CHAP | ||
| 008 | 220125s9999 xx 000 0 und d | ||
| 010 | _a206177 | ||
| 040 | _cCHAP | ||
| 090 | _aPA R-54 | ||
| 100 |
_aCallahan, Lloyd M. _917526 |
||
| 245 |
_aEnvironmental influence on bent grass treated with silvex / _c Lloyd M. Callahan, Ralph E. Engel, and Richard D. Ilnicki |
||
| 260 |
_aNew Yersey : _b New Jersey Agricultural Experiment Station |
||
| 300 | _a4 p. | ||
| 500 | _aSobretiro de: Weed Science, 16 (2), 1968 | ||
| 650 |
_aAgrotis orthogonia _92218 |
||
| 650 |
_aCereales _x plagas _921450 |
||
| 700 |
_aEngel, Ralph _9172390 |
||
| 700 |
_aIlnichi, Richard D. _9172391 |
||
| 901 | _aPA R-54 | ||
| 902 | _aA | ||
| 905 | _a000000 0000000000 00 | ||
| 910 | _a | ||
| 942 | _cPARA | ||
| 942 |
_cPARA _d1 |
||
| 999 |
_c206177 _d206177 |
||